|
|
|
|
| LEADER |
01368nam a2200265 a 4500 |
| 001 |
GR-MES14361 |
| 008 |
080429s2006 gr 000 0 gre d |
| 020 |
|
|
|a 9605160269
|q set
|
| 020 |
|
|
|a 9605160277
|q τ. Α'
|
| 020 |
|
|
|a 9605160285
|q τ. Β'
|
| 040 |
|
|
|a GrPaTEI
|b gre
|c GR-PaULI
|
| 040 |
|
|
|a GrPaTEI
|b gre
|c GR-PaULI
|
| 082 |
|
0 |
|a 330.015 1
|2 21
|
| 100 |
1 |
|
|a Αλεξανδράκης, Αθανάσιος Χ.
|
| 245 |
1 |
0 |
|a Μαθηματικά οικονομικής ανάλυσης /
|c Αθανάσιος Χ. Αλεξανδράκης.
|
| 260 |
|
|
|a Θεσσαλονίκη :
|b Ανικούλα,
|c 2006
|
| 300 |
|
|
|a 2τ. :
|b σχήμ. ;
|c 24εκ.
|
| 300 |
|
|
|d Περιλαμβάνει βιβλ
|
| 504 |
|
|
|a Περιλαμβάνει βιβλιογραφία.
|
| 650 |
|
4 |
|a Οικονομική, Μαθηματική
|
| 942 |
|
|
|2 ddc
|
| 952 |
|
|
|0 0
|1 0
|2 ddc
|3 τ. Α'
|4 0
|6 330_015000000000000_1_ΑΛΕ
|7 0
|9 272448
|a MSLG
|b MSLG
|c BSC
|d 2021-01-17
|e 24
|f 0
|g 0.00
|l 0
|o 330.015 1 ΑΛΕ
|p 2420000023006
|r 2021-01-17 00:00:00
|t 1
|w 2021-01-17
|y BK15
|x 20080429 0 ΓΑΒΡΙΝΑ 1
|x GrPaTEI
|
| 952 |
|
|
|0 0
|1 0
|2 ddc
|3 τ. Β'
|4 0
|6 330_015000000000000_1_ΑΛΕ
|7 0
|9 272449
|a MSLG
|b MSLG
|c BSC
|d 2021-01-17
|e 24
|f 0
|g 0.00
|l 0
|o 330.015 1 ΑΛΕ
|p 2420000023007
|r 2021-01-17 00:00:00
|t 1
|w 2021-01-17
|y BK15
|x 20080429 0 ΓΑΒΡΙΝΑ 1
|x GrPaTEI
|
| 971 |
|
|
|a .b25804108
|b 16-04-20
|c 13-09-16
|
| 999 |
|
|
|c 157558
|d 157558
|